Yo soy la resurrección y la vida (Jn 11,25) (Record no. 634372)
[ view plain ]
| 000 -CABECERA | |
|---|---|
| Campo de control de longitud fija | 00430nab a2200145Ia 4500 |
| 003 - IDENTIFICADOR DEL NÚMERO DE CONTROL | |
| Campo de control | ES-SlBCS |
| 005 - FECHA Y HORA DE LA ÚLTIMA TRANSACCIÓN | |
| Campo de control | 20210601135814.0 |
| 008 - CÓDIGOS DE INFORMACIÓN DE LONGITUD FIJA | |
| Campo de control de longitud fija | 140529s1970 xxu||||| |||| 00| 0 spa d |
| 041 ## - CÓDIGO DE LENGUA | |
| Código de lengua del texto/banda sonora o título independiente | spa |
| 100 1# - PUNTO DE ACCESO PRINCIPAL-NOMBRE DE PERSONA | |
| Nombre de persona | Romaniuk, Kazimierz |
| 9 (RLIN) | 18916 |
| 245 00 - MENCIÓN DE TÍTULO | |
| Título | Yo soy la resurrección y la vida (Jn 11,25) |
| Mención de responsabilidad, etc. | Kazimierz Romaniuk |
| 630 04 - PUNTO DE ACCESO ADICIONAL DE MATERIA-TÍTULO UNIFORME | |
| Título uniforme | Juan 11,25 |
| 9 (RLIN) | 236894 |
| 773 0# - ENLACE AL DOCUMENTO FUENTE | |
| Título | Concilium |
| Parte(s) relacionada(s) | vol. 3, nº. 60, 1970, págs. 66-75 |
| Número de control del registro relacionado | Rev134 |
| 942 ## - ENTRADA DE ELEMENTOS AGREGADOS (KOHA) | |
| Koha [por defecto] tipo de item | Artículos de revista |
| Suprimido | Perdido | Estropeado | No para préstamo | Localización permanente | Localización actual | Localización en estantería | Fecha adquisición | Préstamos totales | Fecha última consulta | Fecha del precio de reemplazo | Tipo de item de Koha |
|---|---|---|---|---|---|---|---|---|---|---|---|
| San Esteban | San Esteban | Depósito de revistas | 11/07/2014 | 11/07/2014 | 11/07/2014 | Artículos de revista |
